000 nam a22 a 4500
999 _c59228
_d59228
003 BLK
005 20221013151716.0
008 180408b bul|||||r ||||||| ||bul||
010 _aKNG00063314000
040 _aBLK
041 _aBUL
_cBUL
080 _aДиференциални, интегрални и др. функционални уравнения. Крайни разлики. Вариационно смятане. Функционален анализ
_b517.9
_x(075.8)
_z517.9(075.8)
100 1 _aГенчев, Тодор
_eпърви автор
_9267582
139 _aГенчев, Тодор
_bГ 33
245 1 0 _aЧастни диференциални уравнения
_bУчебник за студентите от СУ "Климент Охридски"
_cТодор Генчев.
250 _a2. изд
257 _aBGR
260 _aСофия
_bНаука и изкуство
_c1976
300 _a360 с.
_c22 см
380 _a5
500 _a1. изд. 1972
650 4 _aДиференциални уравнения - учебници за ВУЗ
_9254233
653 _aдиференциални уравнения
852 _aЦб 80817
856 4 _qpdf
_i0.00
_ldisable
856 4 _qpdf
_i0.00
_ldisable
942 _cKNG
_n0
_s1
944 _aCR
_c13.06.2004
_kЧиталня
944 _aED
_c2022-10-13
_kир
999 _d59228